[Event "Bordeaux op"]
[Site "Bordeaux"]
[Date "2006.??.??"]
[Round "5"]
[White "Horellou, Alain"]
[Black "Gallice, Francois"]
[Result "1-0"]
[WhiteElo "1972"]
[BlackElo "1900"]
[PlyCount "93"]
[EventDate "2005.??.??"]
[EventType "swiss"]
[EventRounds "7"]
[EventCountry "FRA"]
[SourceTitle "EXT 2007"]
[Source "ChessBase"]
[SourceDate "2006.11.23"]
[SourceVersion "1"]
[SourceVersionDate "2006.11.23"]
[SourceQuality "1"]

1. d4 Nf6 2. g3 g6 3. Bg2 Bg7 4. e4 d6 5. Ne2 Nbd7 6. 0-0 0-0 7. c3 c5 8. h3 Rb8 9. Be3 b6 10. Nd2 Ba6 11. f4 e5 12. Rf2 Nh5 13. Nf1 Qe7 14. fxe5 dxe5 15. d5 Nhf6 16. Qa4 Bxe2 17. Rxe2 a5 18. g4 Ne8 19. Ng3 Nd6 20. Rf1 b5 21. Qc2 Nc4 22. Bc1 Qh4 23. Kh2 Bh6 24. b3 Bxc1 25. Qxc1 Nd6 26. Ref2 Kg7 27. Qe3 Qe7 28. g5 Ne8 29. h4 c4 30. Qa7 Qd8 31. Bh3 Nc7 32. d6 Ne8 33. Bxd7 Nxd6 34. Be6 Rb7 35. Qe3 cxb3 36. axb3 a4 37. Bd5 Rc7 38. bxa4 bxa4 39. Ra2 Qb8 40. Qf2 Rxc3 41. Qf6+ Kg8 42. h5 Qc7 43. hxg6 hxg6 44. Qxg6+ Kh8 45. Qh6+ Kg8 46. g6 Rc2+ 47. Kh1 1-0